What's That in Metric? Quiz Stats

 Plays Quiz Updated Jun 20, 2018

Score 0/10 Timer 02:00
8 Plays Today
Question Answer Wrong Answers
One inch 2.54 centimetres
89.2%
3.14 centimetres
9.7%
5.00 centimetres
1.1%
One foot 30.48 centimetres
75.9%
25.12 centimetres
17.8%
42.16 centimetres
3.7%
One mile 1.61 kilometres
72.1%
1.00 kilometres
1.8%
1.32 kilometres
21.2%
One yard 91.44 centimetres
64.7%
88.34 centimetres
8.1%
98.40 centimetres
23.3%
One ounce 28.35 grams
62.3%
35.65 grams
24.4%
52.12 grams
7%
One pound 453.59 grams
61.3%
401.67 grams
16.1%
506.17 grams
15.4%
One ton 907.19 kilograms
55.2%
808.46 kilograms
13%
884.02 kilograms
23.6%
One gallon 3.79 litres
47.4%
2.91 litres
27%
5.65 litres
15.1%
One pint 473.18 millilitres
41.6%
608.63 millilitres
34.2%
731.45 millilitres
14.2%
One fluid ounce 29.57 millilitres
25.8%
20.25 millilitres
29.3%
26.77 millilitres
36%

You're not logged in!

Compare scores with friends on all Sporcle quizzes.
OR
Log In

Sporcle TV

Today on Sporcle TV


Watch our educational content, quiz creation guides, and fun videos on Sporcle TV.

Show Comments

Extras

Top Quizzes Today


Score Distribution

Your Account Isn't Verified!

In order to create a playlist on Sporcle, you need to verify the email address you used during registration. Go to your Sporcle Settings to finish the process.

Report this User

Report this user for behavior that violates our Community Guidelines.

Details: